000 00859nas a2200277 4500
001 BR0807807
003 BR-BrBNA
005 20231205112735.0
007 ta
008 230509b bl.|||p| |||| 00| 00por d
040 _aBR-BrBNA
_bpor
_cBiblioteca Nacional de Agricultura
041 _a(Pt)
072 _aL70
100 1 _aFreitas, R.R. de
100 1 _aStopiglia, A.J.
100 1 _aSilva, L.C.L.C. da
100 1 _aFanton, D.T.
245 1 _aLesões das vias aéreas superiores após intubação endotraqueal em eqüinos
650 _aCAVALO
650 _aTRATAMENTO
650 _aBIOLOGIA ANIMAL
650 _aCOMPORTAMENTO ANIMAL
773 0 _tBrazilian Journal of Veterinary Research and Animal Science (Brazil)
_xISSN 1413-9596
_g(1997), v. 34(2) p. 92-98
_wBR0807807
909 _a202311
_bLúcia
_c55
_dLúcia Elande
942 _2AGRIS
_n0
_cANA
999 _c199699
_d199699